Car seat headrest - Nervous young inhumans (MtM) lyrics - Statistics

General Stats
  • This quiz has been taken 23 times
  • The average score is 134 of 280
Answer Stats
Answer % Correct
I
100%
You
100%
"you"
100%
you
100%
never
83%
a
78%
in
78%
your
78%
inhuman
72%
raised
72%
the
72%
back
67%
my
67%
My
67%
so
67%
So
67%
understand
67%
was
67%
above
61%
an
61%
cursive
61%
every
61%
I'm
61%
letter
61%
line
61%
seen
61%
Should've
61%
beneath
56%
better
56%
little
56%
nothing
56%
now
56%
then
56%
when
56%
and
50%
crossed
50%
Ps
50%
Qs
50%
stems
50%
their
50%
about
44%
are
44%
it
44%
know
44%
man
44%
of
44%
that
44%
to
44%
uh
44%
use
44%
what
44%
you're
44%
boy
39%
but
39%
do
39%
ex
39%
galvanistic
39%
"galvanistic"
39%
is
39%
jokes
39%
Most
39%
most
39%
people
39%
real
39%
singing
39%
time
39%
up
39%
used
39%
want
39%
word
39%
you'd
39%
young
39%
Art
33%
art
33%
deserve
33%
deserves
33%
Earlier
33%
face
33%
"Frankenstein"
33%
get
33%
gets
33%
invented
33%
let's
33%
Mary
33%
meet
33%
mostly
33%
Shelley's
33%
song
33%
swore
33%
term
33%
uncanny
33%
valley
33%
wants
33%
Well
33%
You'll
33%
you'll
33%
galvanism
28%
person
28%
across
22%
as
22%
because
22%
came
22%
electricity
22%
life
22%
lot
22%
pretending
22%
regret
22%
scientific
22%
theory
22%
through
22%
where
22%
actually
17%
bloodstreams
17%
book
17%
character
17%
concept
17%
created
17%
creating
17%
exploration
17%
fallen
17%
flowing
17%
force
17%
how
17%
I've
17%
like
17%
love
17%
making
17%
more
17%
our
17%
part
17%
refer
17%
sort
17%
start
17%
than
17%
theme
17%
there
17%
This
17%
with
17%
writing
17%
allude
11%
also
11%
body
11%
characters
11%
fact
11%
kind
11%
obsolete
11%
work
11%
you've
11%
symbol
6%
No matching quizzes found
Score Distribution
Percent of People with Each Score
Percentile by Number Answered
Your Score History
You have not taken this quiz